000 00290 a2200133 4500
000 nam a22 7a 4500
100 _aBajwa SS
110 _aBajwa SS
245 _aParamparik lok media
250 _alatest edition
260 _bkalpna
_c2025
264 _bkalpna
_c2025
942 _cBK
999 _c397267
_d397267